La ciudad anterior
Uloženo v:
| Hlavní autor: | |
|---|---|
| Médium: | Kniha |
| Jazyk: | španělština |
| Vydáno: |
Santiago
Planeta
1992
|
| Vydání: | 5a. ed |
| Edice: | Biblioteca del Sur
|
| Témata: | |
| Tagy: |
Přidat tag
Žádné tagy, Buďte první, kdo vytvoří štítek k tomuto záznamu!
|
MARC
| LEADER | 00000nam a2200000 a 4500 | ||
|---|---|---|---|
| 001 | UCQ4729 | ||
| 003 | CL-VaPUC | ||
| 008 | 980910e19920000CL |||||||||||||||||spa|d | ||
| 082 | 0 | 4 | |a Ch863 |b CON |2 21 |
| 100 | 0 | |a Contreras, Gonzalo |e author |9 418941 | |
| 245 | 1 | 3 | |a La ciudad anterior |
| 250 | |a 5a. ed | ||
| 300 | |a 185 p | ||
| 942 | |c BK | ||
| 945 | |d 19980910 00:00:00 |a lriquelm | ||
| 260 | |a Santiago |b Planeta |c 1992 | ||
| 650 | 0 | |a Novelas chilenas |9 265425 | |
| 650 | 0 | |a Literatura chilena |9 308278 | |
| 583 | |a last modification |c 19980910 00:00:00 |k Rodrigo Vera | ||
| 490 | 0 | |a Biblioteca del Sur | |
| 999 | |c 275032 |d 275030 | ||
| 952 | |0 0 |1 0 |4 0 |6 CH_863_000000000000000_CON_1992 |7 0 |8 A |9 311551 |a BIBEDU |b BIBEDU |d 2019-11-20 |i 2913887 |l 3 |o Ch863 CON 1992 |p 2913887 |r 2022-07-19 |s 2022-06-20 |w 2019-11-20 |y BK |k LIT | ||